Công ty xuyên quốc gia của các nền kinh tế công nghiệp mới châu Á

Đã lưu trong:
書目詳細資料
主要作者: Hoàng Thị Bích Loan.
格式: 圖書
語言:Vietnamese
出版: Chính trị quốc gia 2002
標簽: 添加標簽
沒有標簽, 成為第一個標記此記錄!
Thư viện lưu trữ: Mạng thư viện Đại học Đà Nẵng
LEADER 00697nam a2200253 4500
001 000020469
003 16915
005 20150319150324.0
008 150319s2002 viesd
020 |c 26500 
041 0 |a vie 
082 1 4 |a 338.88  |b HO-L 
100 1 |a Hoàng Thị Bích Loan. 
245 1 0 |a Công ty xuyên quốc gia của các nền kinh tế công nghiệp mới châu Á  |c Hoàng Thị Bích Loan. 
260 |b Chính trị quốc gia  |c 2002 
300 |a tr.  |c cm. 
OWN |a LSP 
999 |a From the UDN01 
TYP |a Monograph 
TYP |a Printed language 
980 |a Mạng thư viện Đại học Đà Nẵng